<?xml version="1.0" encoding="UTF-8"?>
<record
    xmlns:xsi="http://www.w3.org/2001/XMLSchema-instance"
    xsi:schemaLocation="http://www.loc.gov/MARC21/slim http://www.loc.gov/standards/marcxml/schema/MARC21slim.xsd"
    xmlns="http://www.loc.gov/MARC21/slim">

  <leader>00855ngm a2200265Ia 4500</leader>
  <controlfield tag="001">CINE01007</controlfield>
  <controlfield tag="003">EcQuCN</controlfield>
  <controlfield tag="005">20240205100034.0</controlfield>
  <controlfield tag="006">a||||gr|||| 00| mz</controlfield>
  <controlfield tag="007">mc nfubzzgazauz|c201508</controlfield>
  <controlfield tag="008">150827s        ec ||||g |||| 00| mzspa d</controlfield>
  <datafield tag="040" ind1=" " ind2=" ">
    <subfield code="a">EcQuCN</subfield>
  </datafield>
  <datafield tag="084" ind1=" " ind2=" ">
    <subfield code="a">VHSER0059.4 - DVDER932.4</subfield>
  </datafield>
  <datafield tag="245" ind1="1" ind2="0">
    <subfield code="a">Punto muerto</subfield>
    <subfield code="c">Producida por: Marco Encalada - Estudios Kino</subfield>
  </datafield>
  <datafield tag="260" ind1=" " ind2=" ">
    <subfield code="a">Quito&#xA0;</subfield>
    <subfield code="b">Cinemateca Nacional</subfield>
    <subfield code="c">1993</subfield>
  </datafield>
  <datafield tag="300" ind1=" " ind2=" ">
    <subfield code="a">25 minutos.</subfield>
  </datafield>
  <datafield tag="380" ind1=" " ind2=" ">
    <subfield code="a">Ficci&#xF3;n</subfield>
  </datafield>
  <datafield tag="500" ind1=" " ind2=" ">
    <subfield code="a">Int&#xE9;rpretes: Totty Rodr&#xED;guez, Alexis Puertas, Marisol Romero, Angel Pinto</subfield>
  </datafield>
  <datafield tag="516" ind1=" " ind2=" ">
    <subfield code="a">VHS - DVD</subfield>
  </datafield>
  <datafield tag="520" ind1="1" ind2=" ">
    <subfield code="a">Mujer cuenta a la doctora el por qu&#xE9; se encuentra en esta instituci&#xF3;n de reclusi&#xF3;n.</subfield>
  </datafield>
  <datafield tag="522" ind1=" " ind2=" ">
    <subfield code="a">Quito / Pichincha</subfield>
  </datafield>
  <datafield tag="650" ind1=" " ind2="4">
    <subfield code="a">VIDA COTIDIANA</subfield>
  </datafield>
  <datafield tag="700" ind1="1" ind2=" ">
    <subfield code="a">Encalada,Marco - Estudios Kino </subfield>
    <subfield code="e">productor</subfield>
  </datafield>
  <datafield tag="942" ind1=" " ind2=" ">
    <subfield code="2">z</subfield>
    <subfield code="c">PEL</subfield>
  </datafield>
  <datafield tag="952" ind1=" " ind2=" ">
    <subfield code="0">0</subfield>
    <subfield code="1">0</subfield>
    <subfield code="2">z</subfield>
    <subfield code="4">0</subfield>
    <subfield code="6">VHSER00594__DVDER9324</subfield>
    <subfield code="7">0</subfield>
    <subfield code="8">GEN</subfield>
    <subfield code="9">1062</subfield>
    <subfield code="a">CINE</subfield>
    <subfield code="b">CINE</subfield>
    <subfield code="d">2015-08-27</subfield>
    <subfield code="e">Cinemateca Nacional</subfield>
    <subfield code="l">0</subfield>
    <subfield code="o">VHSER0059.4 - DVDER932.4</subfield>
    <subfield code="p">CN-1007</subfield>
    <subfield code="r">2015-08-27</subfield>
    <subfield code="t">Ej.1</subfield>
    <subfield code="w">2023-02-21</subfield>
    <subfield code="x">Migraci&#xF3;n</subfield>
    <subfield code="y">VHS</subfield>
  </datafield>
  <datafield tag="999" ind1=" " ind2=" ">
    <subfield code="c">1051</subfield>
    <subfield code="d">1051</subfield>
  </datafield>
</record>
